Теплий дощ (Запис № 378272)

МАРК-запис
000 -Лідер
fixed length control field 00711nam a22002297a 4500
001 - Контрольний номер
control field 92016
003 - Ідентифікатор контрольного номера
control field UA-OsUOA
005 - Дата та час останнього входження (трансакції)
control field 20190924104840.0
007 - Фіксоване поле фізичного опису
fixed length control field ta
008 - Елементи даних фіксованої довжини – загальна інформація
fixed length control field 20121210b un ||||| |||| 00| 0 ukr d
040 ## - Джерело каталогізації
Агенція оригінальної каталогізації UA-OsUOA
Мова каталогізації ukr
Агенція, яка здійснювала перезапис UA-OsUOA
Агенція, яка здійснювала модифікацію UA-OsUOA
041 ## - Код мови
Код мови тексту/ звукової доріжки чи окремого заголовка (П) ukr
080 ## - Індекс Універсальної десяткової класифікації
Індекс Універсальної десяткової класифікації (УДК) (НП) 821.161.2
090 ## - Локальний шифр розміщення
Класифікаційний індекс УДК 821.161.2
Авторський знак (НП) Ч-43
100 ## - Основне введення – ім’я особи
Ім’я особи (НП) Чендей І
245 ## - Відомості про назву
Назва (НП) Теплий дощ
Решта назви (НП) повісті, оповідання
Дані про відповідальність (НП) Іван Чендей ; ред. Г. Т. Крижанівський
260 ## - Публікація, розповсюдження і т.п. (Вихідні дані)
Місце публікації, розповсюдження і т.п. (П) К.
Ім’я/ наймення видавництва, розповсюджувача і т.п. (П) Радянський письменник
Дата публікації, розповсюдження і т.п. (П) 1979
300 ## - Фізичний опис
Обсяг 348 с.
650 #7 - Додаткове предметне введення – тематичний термін
Тематичний термін чи географічна назва, як елемент введення (НП) 82 Література. Літературознавство
Джерело заголовка чи терміна UDC
942 ## - Додаткові елементи входу (Коха)
Тип елемента Koha Книги
Source of classification or shelving scheme Universal Decimal Classification
955 ## - Код типу видання за змістом
Код типу видання за змістом (НП) Літературно-художні видання
Фонди
Стан вилучень Стан втрат Джерело класифікації або схеми стелажів Стан уражень Не для кредиту Постійне місце розташування Поточне розміщення Дата придбання Інвентарний номер Усього замовленно Повний номер виклику Штрих-код Дата останнього перегляду Ціна ефективна від Тип елемента Koha Джерело придбання
    Universal Decimal Classification     АБ - Абонемент НБ АБ - Абонемент НБ 10/12/2012 44905   821.161.2 Ч-43 44905 07/04/2022 10/12/2012 Книги  
    Universal Decimal Classification     АБ - Абонемент НБ АБ - Абонемент НБ 24/09/2010 47735   821.161.2 Ч-43 47735 30/06/2022 24/09/2019 Книги 2010-09-24